Music Quiz

Random Music or Album Quiz

Songs on In the Aeroplane Over the Sea Quiz Stats

 Plays Quiz Updated Apr 2, 2020

     
Support Sporcle.
Go Orange.
Score 0/11 Timer 03:00
0 Plays Today
Track # Title % Correct
3In the Aeroplane Over the Sea
92.9%
1The King of Carrot Flowers, Pt. One
88.8%
2The King of Carrot Flowers, Pts. Two and Three
88.7%
11Two-Headed Boy, Pt. Two
83.8%
4Two-Headed Boy
83.8%
6Holland, 1945
82.4%
8Oh Comely
74.7%
10[untitled]
71.1%
7Communist Daughter
68.4%
9Ghost
68.4%
5The Fool
54.8%

From the Vault

'The Giving Tree' Things

by alphadog

This book really helped us get over our fear of selfish trees.
Remove Ads.
Support Sporcle.
Get the best of Sporcle when you Go Orange. This ad-free experience offers more features, more stats, and more fun while also helping to support Sporcle. Thank you for becoming a member.

Show Comments

Extras

Top Quizzes Today


Score Distribution

Your Account Isn't Verified!

In order to create a playlist on Sporcle, you need to verify the email address you used during registration. Go to your Sporcle Settings to finish the process.

Report this User

Report this user for behavior that violates our Community Guidelines.

Details: